|
|
|
|
| LEADER |
00000nam0a2200000 4500 |
| 001 |
138606 |
| 005 |
20241219160625.0 |
| 010 |
|
|
|a 9785370003684
|
| 010 |
|
|
|a 978-5-211-05454-7
|
| 035 |
|
|
|a (RuTPU)RU\TPU\book\150183
|
| 090 |
|
|
|a 138606
|
| 100 |
|
|
|a 20080528d2007 m y0rusy50 ca
|
| 101 |
0 |
|
|a rus
|
| 102 |
|
|
|a RU
|
| 105 |
|
|
|a y j 000zy
|
| 200 |
1 |
|
|a История России с древнейших времен до середины XIX в.
|e курс лекций
|f А. В. Чунаков
|
| 210 |
|
|
|a Москва
|c Омега-Л
|c Изд-во Московского ун-та
|d 2007
|
| 215 |
|
|
|a 335 с.
|
| 330 |
|
|
|a Курс лекций прошел апробацию в ведущих вузах нашей страны, в том числе в МГУ им. М.В. Ломоносова. В книге, написанной с искренней любовью к своему Отечеству, рассмотрена многовековая история нашей страны, многие события которой пересмотрены по сравнению со старыми учебниками. В книге широко использованы труды известных российских историков Н.М. Карамзина, СМ. Соловьева, В.О. Ключевского, С.Ф. Платонова, А.А. Корнилова, публикации современных ученых. Для студентов, аспирантов, преподавателей, всех, кому интересна история России.
|
| 606 |
|
|
|a Россия
|x История
|9 81526
|
| 610 |
1 |
|
|a учебные пособия
|
| 610 |
1 |
|
|a Древняя Русь
|
| 610 |
1 |
|
|a образование
|
| 610 |
1 |
|
|a феодальная раздробленность
|
| 610 |
1 |
|
|a монголо-татарское нашествие
|
| 610 |
1 |
|
|a Московская Русь
|
| 610 |
1 |
|
|a Российская империя
|
| 610 |
1 |
|
|a просвещенный абсолютизм
|
| 686 |
|
|
|a Т3(2)я73
|2 rubbk
|
| 700 |
|
1 |
|a Чунаков
|b А. В.
|g Анатолий Витальевич
|
| 801 |
|
1 |
|a RU
|b 63413507
|c 20080528
|g PSBO
|
| 801 |
|
2 |
|a RU
|b 63413507
|c 20150430
|g PSBO
|
| 942 |
|
|
|c BK
|